[Event "SuperChess Cup Rapid 2019"]
[Site "Bucharest"]
[Date "2019.11.07"]
[Round "6.3"]
[White "Parligras, Mircea-Emilian"]
[Black "Gavrilescu, David"]
[Result "1-0"]
[WhiteElo "2629"]
[BlackElo "2451"]
[Annotator "TA"]
[PlyCount "101"]
[EventDate "2019.11.06"]
[EventType "tourn"]
[EventCountry "ROU"]
[SourceTitle "playchess.com"]
[Source "ChessBase"]
[SourceQuality "1"]

{[%evp 13,101,0,12,-4,49,8,39,23,26,25,50,51,49,50,72,35,35,25,36,24,20,22,35,19,36,26,49,41,47,54,85,75,71,14,120,113,145,127,98,120,128,98,303,304,269,68,68,68,173,159,143,8,8,8,8,8,8,8,8,0,8,8,8,8,8,8,8,29,27,35,44,0,0,0,2791,2272,29982,29976,29983,89,158,0,6524,6218,6091,5193,6219,6087,5081,4133]} 1. Nf3 d5 2. e3 Nf6 3. c4 e6 4. b3 Be7 5. Bb2 O-O 6. Nc3 c5 7. cxd5 Nxd5 8. h4 {A13: English Opening: 1...e6} (8. Be2 b6 9. Nxd5 exd5 10. d4 a5 11. dxc5 bxc5 12. O-O Be6 13. Bb5 Qb6 14. Qe2 Nc6 15. Rac1 Rac8 {0-1 (47) Nakamura,H (2746)-Caruana,F (2832) London 2018}) 8... Bf6 (8... Nc6 $11) 9. Qc2 Nc6 $146 ({Predecessor:} 9... b6 10. Ng5 g6 11. a3 Nxc3 12. Bxc3 Bb7 13. f4 Nd7 14. Bb5 Bxc3 15. Qxc3 Nf6 {1-0 (33) Van Wely,L (2714)-Van der Werf,M (2435) Netherlands 2001}) 10. Ng5 {[%csl Gg5][%cal Rc2h7] White is slightly better.} g6 11. Nge4 Nxc3 12. Nxf6+ Qxf6 13. Qxc3 Qxc3 14. Bxc3 e5 15. Bc4 Re8 16. f3 Be6 17. Bb5 Bd7 18. Rc1 Rac8 19. Kf2 f6 20. g4 a6 21. Bd3 Nb4 22. Bxb4 cxb4 23. g5 (23. h5 $16) 23... Kg7 (23... Bc6 $11 {keeps the balance.}) 24. Be4 $16 Rxc1 25. Rxc1 Rc8 26. Rxc8 Bxc8 {[%mdl 4096] Endgame KB-KB} 27. Ke2 fxg5 $2 (27... b6 $16) 28. hxg5 $18 h5 29. d4 $2 (29. gxh6+ $1 $18 Kxh6 30. Kd3) 29... exd4 $14 30. exd4 b6 (30... a5 $14) 31. d5 $18 h4 32. d6 (32. Kf1 $16) 32... Kf7 $11 33. Bd5+ Ke8 34. Bc6+ Bd7 35. Be4 Kf7 36. Bd5+ Kf8 37. Kf2 a5 38. Kg2 Ke8 39. Be4 Kf7 40. f4 b5 $1 41. Kf3 a4 42. Bd5+ Kg7 43. Ke4 a3 $2 {[%mdl 8192]} (43... Kf8 $11) 44. Kd4 $1 $18 {[%cal Rd4c5]} h3 {[#]} 45. Kc5 $1 {[%cal Rc5b6]} Kf8 {[#]} 46. Kxb4 $2 (46. Kb6 $1 {mates} h2 47. Kc7 Ke8 48. Be4 h1=Q 49. Bxh1 Bf5 50. Be4 Be6 51. Bxg6+ Kf8 52. d7) 46... Bf5 (46... Ke8 $142) 47. Kxa3 $2 (47. Kxb5 $16 Ke8 48. Bf3) 47... Bd3 $2 {[%mdl 8192]} (47... Ke8 $11 48. Kb4 Kd7) 48. Kb4 {White is clearly winning.} Bf1 49. Be6 Ke8 50. f5 {Threatening mate with f6.} h2 51. Bd5 {Accuracy: White = 58%, Black = 27%.} 1-0

[Event "SuperChess Cup Rapid 2019"]
[Site "Bucharest"]
[Date "2019.11.07"]
[Round "6.4"]
[White "Miron, Lucian-Costin"]
[Black "David, Alexandru-Vasile"]
[Result "1/2-1/2"]
[WhiteElo "2490"]
[BlackElo "2424"]
[Annotator "TA"]
[PlyCount "60"]
[EventDate "2019.11.06"]
[EventType "tourn"]
[EventCountry "ROU"]
[SourceTitle "playchess.com"]
[Source "ChessBase"]
[SourceQuality "1"]

{[%evp 22,60,0,0,8,10,35,38,35,15,40,33,22,38,57,54,47,47,58,42,88,85,102,108,95,101,97,99,90,82,86,0,0,-45,-41,-45,-43,-10,-18,-32,0]} 1. e4 e5 2. Nf3 Nc6 3. Bc4 Nf6 4. d4 exd4 5. O-O Nxe4 6. Re1 d5 7. Bxd5 Qxd5 8. Nc3 Qa5 9. Nxe4 Be6 10. Neg5 O-O-O 11. Nxe6 fxe6 12. Rxe6 {White wants to play Bg5.} Qd5 {C56: Two Knights: 4 d4 exd4 5 0-0 Nxe4} (12... Bd6 13. Bg5 Rde8 14. Qe2 Kd7 15. Re4 Qf5 16. Re1 Rxe4 17. Qxe4 Qxe4 18. Rxe4 Re8 19. Rxe8 Kxe8 20. Bd2 h6 21. Kf1 Kf7 22. Ke2 Ke6 {½-½ (60) Kharchenko,B (2483)-Goganov,A (2615) Taganrog 2015}) 13. Qe2 Bd6 14. Bg5 Rdf8 {White is slightly better.} 15. Bh4 (15. a3 {is more complex.} Kb8 16. Re1 a6 17. Bd2 Rf5 18. h3) 15... Qh5 16. Bg3 Bxg3 17. hxg3 Qd5 18. a3 Rd8 19. Rd1 a6 $146 ({Predecessor:} 19... Qd7 20. Rd3 Rhe8 21. Re4 Rxe4 22. Qxe4 {½-½ (48) Keller,H (2049)-Dimitriadis,P (1871) Ditzingen 2013}) 20. Rd3 Kb8 21. c3 Qc5 22. Ne5 Nxe5 23. Rxe5 ({But not} 23. Qxe5 $6 Qxe5 24. Rxe5 dxc3 $11) 23... Qb6 24. Re6 Qc5 25. Qd1 Qf5 26. Re7 (26. Re2 $16) 26... Qf6 $36 {[%mdl 2048] Black has the initiative.} 27. Re4 {[%cal Rd3d4]} dxc3 28. bxc3 Rxd3 29. Qxd3 Rd8 30. Qe3 Qf7 {Accuracy: White = 56%, Black = 55%.} 1/2-1/2

[Event "SuperChess Cup Rapid 2019"]
[Site "Bucharest"]
[Date "2019.11.07"]
[Round "6.5"]
[White "Georgescu, Tiberiu-Marian"]
[Black "Lupulescu, Constantin"]
[Result "0-1"]
[WhiteElo "2508"]
[BlackElo "2643"]
[Annotator "TA"]
[PlyCount "76"]
[EventDate "2019.11.06"]
[EventType "tourn"]
[EventCountry "ROU"]
[SourceTitle "playchess.com"]
[Source "ChessBase"]
[SourceQuality "1"]

{[%evp 11,76,0,0,1,1,0,7,-18,-8,-79,-76,-89,-23,-19,13,17,18,-12,-19,-10,0,-6,-8,-6,-14,-6,-15,-8,-16,-9,0,0,0,0,0,0,0,0,0,-43,-43,-43,-41,-41,-41,-49,-50,-49,-36,-50,-53,-408,-316,-2135,-1829,-5804,-29974,-29970,-29970,-29980,-29981,-29978,-29973,-29979,-29980,-29978,-29978]} 1. d4 Nf6 2. c4 e6 3. Nf3 d5 4. g3 dxc4 5. Bg2 c6 6. O-O b5 {[%cal Bb7b5,Bb5b4][%mdl 32]} 7. Ne5 {E04: Open Catalan: 5 Nf3} Bb7 8. a4 {[#] Hoping for axb5.} Qc8 (8... a6 9. Nc3 Nd5 10. e4 Nxc3 11. bxc3 Be7 12. Rb1 Qc8 13. Qg4 g6 14. f4 Nd7 15. f5 Nxe5 16. dxe5 h5 17. Qf3 exf5 18. exf5 Qxf5 19. Qxc6+ Bxc6 20. Bxc6+ {½-½ (78) Inarkiev,E (2689)-Piorun,K (2651) Katowice 2017}) 9. Nc3 {The position is equal.} Nbd7 10. e4 (10. Qc2 $11 {keeps the balance.}) 10... b4 $17 11. Nxd7 $146 ({Predecessor:} 11. Ne2 Nxe5 12. dxe5 Nd7 13. Qd4 Ba6 14. Bf4 c3 15. Qd1 cxb2 16. Rb1 {0-1 (35) Troyanok,T (1604)-Trapeznikova,D (2038) Moscow 2015}) 11... Qxd7 ({Reject} 11... Kxd7 $6 12. Ne2 $11) ({Black should play} 11... Nxd7 $17 12. Ne2 c5) 12. e5 $11 bxc3 (12... Nd5 $5 {[%cal Rb4c3]} 13. Ne4 Rc8 $11) 13. exf6 cxb2 14. fxg7 (14. Bxb2 $5 {[%cal Rd4d5]} gxf6 15. Rb1 $11) 14... Bxg7 ({Of course not} 14... bxa1=Q $6 15. gxh8=Q O-O-O 16. Qxh7 $16) 15. Bxb2 O-O 16. Qg4 f5 17. Qe2 c5 {[#] Strongly threatening ...Bxg2.} 18. Bxb7 Qxb7 19. Qxe6+ Qf7 20. Qxf7+ $1 Rxf7 21. Rac1 Rb8 22. Ba3 cxd4 {And now ...c3 would win.} 23. Rxc4 Rd7 24. Rd1 d3 $36 {[%mdl 2048] Black has some pressure.} 25. Bb4 Rd4 26. Rxd4 Bxd4 $15 {[%mdl 4096] Endgame KRB-KRB} 27. Bd2 Kf7 28. Be3 Bxe3 29. fxe3 {KR-KR} Rb3 30. Kf2 Ke6 31. Ke1 $2 {[%mdl 8192]} (31. Rc1 $15) 31... Kd5 $19 32. Kd2 $2 (32. Rc1 Ke4 33. Rc7) 32... Ke4 33. Rc1 Rb2+ 34. Kc3 {Black mates.} Rxh2 35. Rf1 Rc2+ 36. Kb3 Rc5 37. Kb4 Rc7 38. Rf4+ Kxe3 {Accuracy: White = 41%, Black = 77%.} 0-1

[Event "SuperChess Cup Rapid 2019"]
[Site "Bucharest"]
[Date "2019.11.08"]
[Round "7.1"]
[White "Lupulescu, Constantin"]
[Black "Istratescu, Andrei"]
[Result "1/2-1/2"]
[WhiteElo "2643"]
[BlackElo "2564"]
[Annotator "RC"]
[PlyCount "43"]
[EventDate "2019.11.06"]
[EventType "tourn"]
[EventCountry "ROU"]
[SourceTitle "playchess.com"]
[Source "ChessBase"]
[SourceQuality "1"]
[TimeMode "Bronstein"]
[TimeControl "1500+10"]

1. e4 {[%emt 0:00:00]} c5 {[%emt 0:00:19]} 2. Nf3 {[%emt 0:00:00]} e6 {[%emt 0:00:10]} 3. d4 {[%emt 0:00:00]} cxd4 {[%emt 0:00:10]} 4. Nxd4 {[%emt 0:00:00]} Nc6 {[%emt 0:00:10]} 5. Nc3 {[%emt 0:00:00]} Qc7 {[%emt 0:00:11]} 6. Be3 {[%emt 0:00:00]} a6 {[%emt 0:00:34]} 7. a3 {[%emt 0:00:36]} b5 {[%emt 0:00:47]} 8. Nxc6 {[%emt 0:00:10]} dxc6 {[%emt 0:02:37]} 9. Qg4 {[%emt 0:00:10]} Nf6 {[%emt 0:03:52]} 10. Qg3 {[%emt 0:00:10]} Qxg3 {[%emt 0:00:36]} 11. hxg3 {[%emt 0:00:10]} Bd6 {[%emt 0:00:12]} 12. O-O-O {[%emt 0:05:53]} Bb8 {[%emt 0:01:30]} 13. Be2 {[%emt 0:01:31]} e5 {[%emt 0:00:40]} 14. f3 {[%emt 0:03:14]} Ba7 {[%emt 0:01:29]} 15. Bxa7 {[%emt 0:00:10]} Rxa7 {[%emt 0:00:10]} 16. g4 {[%emt 0:00:10]} Rd7 {[%emt 0:01:42]} 17. Rde1 {[%emt 0:02:05]} Rd6 {[%emt 0:01:52]} 18. Nd1 {[%emt 0:01:00]} O-O {[%emt 0:02:27]} 19. g5 {[%emt 0:03:41]} Nd7 {[%emt 0:00:10]} 20. Rh5 {[%emt 0:02:33]} g6 {[%emt 0:00:45]} 21. Rh4 {[%emt 0:00:10]} f6 {[%emt 0:00:10]} 22. gxf6 {[%emt 0:00:27]} 1/2-1/2

[Event "SuperChess Cup Rapid 2019"]
[Site "Bucharest"]
[Date "2019.11.08"]
[Round "7.2"]
[White "David, Alexandru-Vasile"]
[Black "Georgescu, Tiberiu-Marian"]
[Result "0-1"]
[WhiteElo "2424"]
[BlackElo "2508"]
[Annotator "TA"]
[PlyCount "64"]
[EventDate "2019.11.06"]
[EventType "tourn"]
[EventCountry "ROU"]
[SourceTitle "playchess.com"]
[Source "ChessBase"]
[SourceQuality "1"]

{[%evp 9,102,23,29,27,33,16,27,13,5,13,10,12,13,0,10,13,14,11,16,10,20,0,0,0,23,24,18,0,0,-525,-517,-479,-347,-466,-492,-566,-542,-542,-564,-556,-566,-575,-557,-606,-609,-699,-695,-663,-650,-812,-803,-931,-956,-916,-898,-1074,-1060,-1022,-1026,-965,-868,-1083,-1083,-1060,-1035,-1127,-1109,-1283,-1270,-1374,-1348,-2154,-2031,-29967,-29966,-29968,-29970,-29970,-29971,-29971,-29972,-29970,-29972,-29970,-29971,-29971,-29971,-29971,-29950,-29982,-29983,-29983,-29984,-29988,-29988]} 1. d4 d5 2. c4 e6 3. Nc3 a6 4. cxd5 exd5 5. Bf4 (5. Nf3 Nf6 6. Bg5 Be6 7. e3 Nbd7 8. Bd3 c6 9. Qb3 Qb6 10. Qxb6 Nxb6 11. Bxf6 gxf6 12. Nh4 a5 13. O-O-O Bb4 {1-0 (40) So,W (2767)-Demchenko,A (2655) Khanty-Mansiysk 2019}) 5... c6 6. e3 {D31: Queen's Gambit Declined: Semi-Slav without ...Nf6 (+ Marshall Gambit and Noteboom) and Exchange Variation lines without ...Nf6} Bd6 7. Qf3 Nf6 8. Bd3 {White has an edge.} Bg4 $146 ({Predecessor:} 8... Bxf4 9. Qxf4 O-O 10. Nge2 Re8 11. h3 Nbd7 12. Qd6 Nb6 13. Qxd8 Rxd8 {½-½ (83) Lorparizangeneh,S (2493)-Peng,S (2390) Paracin 2018}) 9. Qg3 $1 Bxf4 10. Qxf4 Bh5 11. Nge2 (11. Nf3 {keeps more tension.} O-O 12. O-O Nbd7 13. Nh4 Re8 14. Rfc1) 11... Bg6 12. Bxg6 hxg6 13. O-O-O Nbd7 {[%cal Bb8d7,Bd7b6,Bb6c4][%mdl 32]} 14. h4 Qb8 15. Qf3 Qd6 16. g4 Nb6 17. g5 Nfd7 18. Qf4 Nc4 {Strongly threatening ...Qb4.} 19. b3 $2 {[%mdl 8192]} (19. e4 $11) 19... Qa3+ $19 20. Kc2 Qb2+ 21. Kd3 {[#]} Nce5+ $1 {[%mdl 576] Deflection} 22. dxe5 {Qd4 is the strong threat.} Nc5+ 23. Kd4 Ne6+ 24. Kd3 Nxf4+ 25. exf4 O-O-O 26. Rd2 Qa3 27. Kc2 {[#]} d4 $1 28. Nxd4 (28. Rxd4 Rxd4) 28... Qc5 29. b4 Qxb4 30. Nde2 Rxd2+ 31. Kxd2 Rd8+ 32. Kc2 Qc5 {Played: Qb4-c4} 0-1

[Event "SuperChess Cup Rapid 2019"]
[Site "Bucharest"]
[Date "2019.11.08"]
[Round "7.3"]
[White "Gavrilescu, David"]
[Black "Miron, Lucian-Costin"]
[Result "0-1"]
[WhiteElo "2451"]
[BlackElo "2490"]
[Annotator "TA"]
[PlyCount "156"]
[EventDate "2019.11.06"]
[EventType "tourn"]
[EventCountry "ROU"]
[SourceTitle "playchess.com"]
[Source "ChessBase"]
[SourceQuality "1"]

{[%evp 28,156,10,14,20,30,60,48,46,50,61,45,38,36,39,37,62,39,76,47,71,53,97,83,101,95,106,111,108,99,170,156,188,177,401,394,401,375,554,539,535,526,2573,439,414,0,0,0,0,0,0,0,-1,-17,-17,-20,-28,-20,-22,-26,0,0,0,-150,-141,-168,-168,-165,-126,-126,-126,-118,0,-125,-125,-151,-125,-152,-150,-157,0,-150,-101,-100,-99,-125,-125,-125,-70,-62,0,-123,-111,-116,-116,-112,-112,-110,-110,-109,-89,-101,-94,-87,-83,-87,-87,-148,-67,-158,-135,-341,-266,-6287,-6283,-29973,-29972,-29974,-29971,-29977,-29979,-29979,-29979,-29980,-29980,-29981,-29982,-29982,-29983,-29983,-29984]} 1. e4 e5 2. Nf3 Nc6 3. Bb5 a6 4. Ba4 Nf6 5. O-O Be7 6. Re1 b5 7. Bb3 d6 8. c3 O-O 9. d4 Bg4 10. Be3 exd4 11. cxd4 Na5 12. Bc2 Nc4 13. Bc1 c5 14. b3 Nb6 15. Nbd2 ({Predecessor:} 15. Bb2 Nfd7 16. Nbd2 {½-½ (83) Rios Parra,M-Egger Mancilla,J (2325) Santiago de Chile 1990}) 15... cxd4 $146 {C91: Closed Ruy Lopez: 7...d6 8 c3 0-0 9 d4} (15... Nfd7 16. h3 Bh5 17. a4 bxa4 18. bxa4 a5 19. dxc5 Nxc5 20. Rb1 Re8 21. Rb5 Qc7 22. Bb2 Bf8 23. Qa1 Bg6 {½-½ (88) Nisipeanu,L (2656)-Svidler,P (2729) Khanty-Mansiysk 2019}) 16. Bb2 Nfd7 17. h3 Bh5 {White is slightly better.} 18. g4 d3 19. Bxd3 ({Much worse is} 19. gxh5 $6 dxc2 20. Qxc2 Bf6 $15) 19... Bg6 20. Nd4 Ne5 21. Bf1 {Black must now prevent f4.} Bg5 22. N2f3 $36 {[%mdl 2048] White is more active.} Nxf3+ 23. Qxf3 Nd7 24. Nf5 Ne5 25. Qg3 Bxf5 26. exf5 Rc8 27. Rad1 Bh4 28. Qg2 Qa5 (28... Qc7 $16) 29. Re2 $18 Rfd8 30. f4 Nc6 $2 (30... Qb6+ {was necessary.} 31. Kh1 (31. Bd4 Qc7 $18) 31... Nd7) 31. g5 Qb6+ 32. Kh1 d5 (32... Qb7 $142 33. Kh2 Re8 34. Rxe8+ (34. Rxd6 Rxe2 35. Qxe2 Qe7 $18) 34... Rxe8 35. Rxd6 Nd8) 33. Qg4 Bf2 34. g6 {Threatening mate with gxh7+.} Bd4 35. Bxd4 (35. gxf7+ $142 Kh8 36. f6 $1 {[%mdl 576] Promotion, X-Ray Attack} Bxf6 37. Bxf6 gxf6 38. Rg2 Qg1+ 39. Rxg1 Rg8 40. fxg8=Q+ Rxg8 41. Qxg8#) 35... Nxd4 36. Red2 $2 (36. gxf7+ $18 Kxf7 37. Qg1) 36... Nc2 $11 {[%cal Rf7g6]} 37. gxf7+ Kxf7 {Black wants to play ...Ne3.} 38. f6 Qxf6 {Threatens to win with ...Ne3.} 39. Rxd5 {Rf5 is the strong threat.} Ne3 $1 {[%csl LRd1,LRd5,LRg4][%mdl 64] Double Attack} 40. Rd7+ Kf8 41. Rxd8+ Rxd8 42. Rxd8+ Qxd8 43. Qf3 Qd4 44. Bg2 g6 45. Qe2 (45. Qa8+ $11 Kg7 46. Qxa6) 45... Qxf4 $17 46. Qb2 Kg8 47. Qd2 Nxg2 48. Qxg2 $19 {[%mdl 4096] Endgame KQ-KQ} Qc1+ 49. Kh2 Qf4+ 50. Kh1 Qd6 51. Qe2 Kf7 52. Kg2 Qd5+ 53. Kg3 Qd6+ 54. Kg2 $1 Qe6 55. Qf3+ Kg7 56. Qb7+ Kh6 57. Qf3 Qd6 ({Black should play} 57... Qf5 $17 58. Qc3 Qg5+ 59. Kf3 Qd5+ 60. Kg3 Kh5) 58. Qe3+ $15 Kg7 (58... Kh5 $15) 59. Qc3+ (59. Qa7+ $11 {was the only way to keep the balance.} Kh6 60. Qe3+ Kh5 61. Qe4) 59... Kf7 60. Qf3+ Ke6 61. Qe4+ Kf6 62. Qf3+ Ke5 63. Qg3+ Kd5 {And now ...Qxg3+ would win.} 64. Qd3+ Kc6 65. Qc3+ Kb6 {aiming for ...Qc6+.} 66. Qe3+ Qc5 67. Qd3 (67. Qd2 $142) 67... Qc6+ (67... Kc6 $17 {Strongly threatening ...Qd5+.} 68. Qe2 Qg5+ 69. Kh1 Kd5 70. Qd3+ Ke5) 68. Kf2 {[#]} (68. Kg3 $15) 68... Qf6+ $1 $17 69. Kg3 $2 (69. Ke3 $17) 69... Qe5+ 70. Kf3 $2 (70. Kg4 Kc5 71. h4) 70... Qf5+ $19 71. Qxf5 gxf5 {KP-KP. Black mates.} 72. Kf4 Kc5 73. Kxf5 {K3P-K3P} Kb4 74. Kg5 Ka3 75. Kh6 Kxa2 76. Kxh7 Kxb3 77. h4 a5 {[%cal Ba6a5,Ba5a4][%mdl 32]} 78. h5 a4 {Accuracy: White = 51%, Black = 44%.} 0-1

[Event "SuperChess Cup Rapid 2019"]
[Site "Bucharest"]
[Date "2019.11.08"]
[Round "7.4"]
[White "Deac, Bogdan-Daniel"]
[Black "Parligras, Mircea-Emilian"]
[Result "1/2-1/2"]
[WhiteElo "2613"]
[BlackElo "2629"]
[Annotator "TA"]
[PlyCount "273"]
[EventDate "2019.11.06"]
[EventType "tourn"]
[EventCountry "ROU"]
[SourceTitle "playchess.com"]
[Source "ChessBase"]
[SourceQuality "1"]

{[%evp 12,273,12,9,8,0,0,2,2,3,12,10,12,8,7,3,10,6,12,10,10,10,14,7,16,18,49,49,56,13,14,18,31,27,26,30,33,28,80,18,18,20,17,14,104,105,131,70,72,69,139,133,154,135,143,82,87,0,131,0,79,78,85,83,82,75,90,89,85,78,78,68,81,30,30,30,30,30,30,30,30,30,37,0,38,0,38,38,38,0,38,0,0,0,0,0,0,0,0,0,0,0,0,0,0,0,0,0,0,0,0,0,0,0,0,0,0,0,0,0,0,0,0,0,0,0,0,0,0,0,0,0,0,0,0,0,0,0,0,0,0,0,0,0,0,0,0,0,0,0,0,0,0,0,0,0,0,0,0,0,0,0,0,0,0,0,0,0,0,0,0,0,0,0,0,0,0,0,0,0,0,0,0,0,0,0,0,0,0,0,0,0,0,0,0,0,0,0,0,0,0,0,0,0,0,0,0,0,0,0,0,0,0,0,0,0,0,0,0,0,0,0,0,0,0,0,0,0,0,0,0,0,0,0,0,0,0,0,0,0,0,0,0,0,0,0,0,0,0,0,0,0,0,0,0,0,0,0,0,0,0,0,0,0]} 1. e4 e5 2. Nf3 Nc6 3. Bb5 Nf6 4. d3 Bc5 5. Nbd2 d6 6. c3 O-O 7. O-O Ne7 {C65: Ruy Lopez: Berlin Defence (3...Nf6), unusual lines and 4 0-0 Bc5} (7... a6 8. Ba4 Ba7 9. h3 Ne7 10. d4 Ng6 11. Bc2 Re8 12. Re1 Bd7 13. Nf1 c5 14. dxc5 dxc5 15. Bg5 Be6 16. Ne3 c4 17. Qe2 Bxe3 18. Bxe3 h6 19. Nd2 b5 20. a4 {1-0 (54) Dominguez Perez,L (2763)-Wang,H (2726) Khanty-Mansiysk 2019}) 8. d4 exd4 9. cxd4 Bb6 10. Re1 a6 11. Bf1 Bg4 12. h3 Bh5 13. Qb3 d5 14. exd5 $146 ({Predecessor:} 14. g4 Bg6 15. exd5 {1-0 (27) Siigur,J (2430)-Weiss,L (2043) ICCF email 2013}) 14... Nfxd5 15. g4 Bg6 16. Nc4 Nc6 17. Nxb6 Nxb6 18. Bf4 Rc8 19. Rac1 $36 {[%mdl 2048] White fights for an advantage.} Qd5 20. Rc5 Qxb3 $1 21. axb3 Rfd8 22. Bxa6 bxa6 23. Rxc6 Nd5 24. Bg3 Rb8 (24... Bd3 $11) 25. Nd2 (25. Bxc7 $16 Nxc7 26. Rxc7) 25... h5 $11 26. gxh5 Bxh5 27. Rxa6 Nb4 (27... Rb4 $11) 28. Ra5 $16 Rxd4 29. Rxh5 ({Better is} 29. Bxc7 $16 Rf8 30. Nc4 (30. Rxh5 Rxd2 31. Ba5 Rd4 $16)) 29... Rxd2 $14 30. Bxc7 Rc8 (30... Nd3 $14) 31. Ba5 $16 Rd4 32. Rhe5 Rc2 {[#]} 33. R5e2 (33. R1e2 $142 $1) 33... Rc5 34. Re5 Rc2 $1 {[#]} 35. R5e2 ({White should try} 35. R1e2 $1) 35... Rc5 $1 {[%cal Rc5a5]} 36. Bb6 Rg5+ 37. Kh2 Rd3 38. Re3 Rd6 39. Bc7 Rd7 40. Bg3 Rb5 41. Re8+ Kh7 42. R1e4 (42. R1e7 $16 Rxe7 43. Rxe7) 42... Nd3 $11 43. Rh4+ Kg6 44. Rg4+ Kh7 $1 45. Re3 Rxb3 46. Rh4+ Kg6 47. Rg4+ (47. Be5 $5 f6 48. Bd4 $14) 47... Kh7 48. Rh4+ (48. Be5 $5 {[%cal Rg4g7]} f5 49. Rgg3 $16) 48... Kg6 49. Be5 {Hoping for Rg3+.} f6 50. Rg3+ Kf7 51. Bd4 (51. Rd4 $5 {[%cal Rd4d7]} Rdb7 52. Bxf6 $14) 51... Rdb7 {The position is equal.} 52. Rhg4 g5 53. h4 gxh4 54. Rxh4 {Black must now prevent Rh7+.} Nxb2 55. Rh7+ Ke6 56. Rh6 (56. Re3+ {looks sharper.} Kf5 57. Rh5+ Kg4 58. Rhh3 Rxe3 59. fxe3 Nc4 60. Bxf6 Nxe3) 56... Rxg3 57. Kxg3 {[%mdl 4096] Endgame KRB-KRN} Nd3 58. Rxf6+ Kd5 59. Be3 Nxf2 60. Bxf2 {KRB-KR} Ke4 61. Re6+ Kd5 62. Re8 Rg7+ 63. Kf3 Rf7+ 64. Ke3 Rh7 65. Bg3 Ra7 66. Rd8+ Kc4 67. Be5 Rh7 68. Ke4 Rh4+ 69. Bf4 Kc5 70. Rc8+ Kb4 71. Ke5 Rh5+ 72. Kd4 Rh4 73. Rb8+ Ka4 74. Ke3 Rh5 75. Kd3 Rb5 76. Ra8+ Ra5 77. Rc8 Kb5 78. Be3 Ra1 79. Rc5+ Kb4 80. Re5 {White wants to mate with Bd2+.} (80. Rc4+ {is more complex.}) 80... Rh1 (80... Ra3+ {feels hotter.}) 81. Bd2+ Kb3 82. Rb5+ Ka4 83. Rb4+ Ka3 84. Rb6 Rh4 (84... Rh3+ {is interesting.}) 85. Bc3 (85. Ra6+ {seems wilder.}) 85... Ka4 86. Rb7 Rg4 87. Be1 Rf4 88. Kc2 Rg4 89. Bd2 Rh4 90. Be3 Rb4 91. Ra7+ Kb5 92. Kc3 {Threatening mate with Rb7+.} Rc4+ 93. Kd3 {Threatens to win with Rb7+.} Ra4 94. Rb7+ Kc6 95. Rb6+ Kd5 96. Rb5+ Kc6 97. Rh5 Kd6 98. Bd4 Ra2 99. Ke4 Re2+ 100. Be3 Re1 101. Rh6+ Ke7 102. Kf4 Kd7 103. Bd4 Ke7 104. Kf5 Kd7 105. Be5 Rf1+ 106. Ke4 Re1+ 107. Kd5 Rd1+ 108. Bd4 Kd8 109. Rh7 Rd2 110. Ke5 Kc8 111. Bc5 Rd7 112. Rh6 Kc7 113. Bd6+ Kc6 114. Rg6 Rh7 115. Be7+ Kb5 116. Bd6 Rh5+ 117. Ke6 Kc4 118. Be5 Kd3 119. Kd5 Rh7 120. Rg3+ Ke2 121. Ke4 Re7 122. Rg2+ Ke1 123. Ra2 Re8 124. Kf4 Kd1 125. Ke4 Ke1 126. Rb2 Re7 127. Rc2 Re8 128. Kd4 Kf1 129. Rc3 Ke2 130. Re3+ Kf1 131. Ke4 Kf2 132. Kd3 {Bg3+ would kill now.} Kg2 (132... Rd8+ {with more complications.}) 133. Ke2 Rg8 134. Rf3 Re8 135. Rf5 Rg8 136. Rf3 Re8 137. Rg3+ {Accuracy: White = 79%, Black = 72%.} 1/2-1/2

[Event "SuperChess Cup Rapid 2019"]
[Site "Bucharest"]
[Date "2019.11.08"]
[Round "7.5"]
[White "Peptan, Corina-Isabela"]
[Black "Cosma, Elena-Luminita"]
[Result "1/2-1/2"]
[WhiteElo "2371"]
[BlackElo "2313"]
[Annotator "RC"]
[PlyCount "39"]
[EventDate "2019.11.06"]
[EventType "tourn"]
[EventCountry "ROU"]
[SourceTitle "playchess.com"]
[Source "ChessBase"]
[SourceQuality "1"]
[TimeMode "Bronstein"]
[TimeControl "1500+10"]

1. d4 {[%emt 0:00:00]} e6 {[%emt 0:00:00]} 2. c4 {[%emt 0:00:00]} Nf6 {[%emt 0:00:00]} 3. Nf3 {[%emt 0:00:00]} d5 {[%emt 0:00:00]} 4. Nc3 {[%emt 0:00:00]} c5 {[%emt 0:00:00]} 5. cxd5 {[%emt 0:00:16]} Nxd5 {[%emt 0:00:00]} 6. e4 {[%emt 0:00:38]} Nxc3 {[%emt 0:00:00]} 7. bxc3 {[%emt 0:00:10]} cxd4 {[%emt 0:00:00]} 8. cxd4 {[%emt 0:00:10]} Bb4+ {[%emt 0:00:00]} 9. Bd2 {[%emt 0:00:10]} Bxd2+ {[%emt 0:00:00]} 10. Qxd2 {[%emt 0:00:10]} O-O {[%emt 0:00:00]} 11. Be2 {[%emt 0:01:05]} b6 {[%emt 0:00:00]} 12. O-O {[%emt 0:00:10]} Bb7 {[%emt 0:00:00]} 13. Qe3 {[%emt 0:00:37]} Nd7 {[%emt 0:00:12]} 14. Rfd1 {[%emt 0:00:35]} Rc8 {[%emt 0:01:11]} 15. a4 {[%emt 0:02:21]} Qe7 {[%emt 0:09:21]} 16. a5 {[%emt 0:00:50]} Rc7 {[%emt 0:00:10]} 17. axb6 {[%emt 0:01:05]} axb6 {[%emt 0:00:10]} 18. Rdc1 {[%emt 0:09:11]} Rxc1+ {[%emt 0:00:58]} 19. Rxc1 {[%emt 0:00:10]} Nf6 {[%emt 0:00:59]} 20. Bd3 {[%emt 0:00:59]} 1/2-1/2